|
|
|
|
| LEADER |
01668nam a2200421 i 4500 |
| 001 |
EBC5115397 |
| 003 |
MiAaPQ |
| 005 |
20200520144314.0 |
| 006 |
m o d | |
| 007 |
cr cnu|||||||| |
| 008 |
171128t20162016vau o 001 0 eng d |
| 020 |
|
|
|z 9781586444143
|
| 020 |
|
|
|a 9781586444938 (e-book)
|
| 035 |
|
|
|a (MiAaPQ)EBC5115397
|
| 035 |
|
|
|a (Au-PeEL)EBL5115397
|
| 035 |
|
|
|a (CaPaEBR)ebr11461673
|
| 035 |
|
|
|a (OCoLC)1009073249
|
| 040 |
|
|
|a MiAaPQ
|b eng
|e rda
|e pn
|c MiAaPQ
|d MiAaPQ
|
| 050 |
|
4 |
|a HF5549
|b .C877 2016
|
| 082 |
0 |
|
|a 658.3
|2 23
|
| 100 |
1 |
|
|a Currence, Jennifer,
|e author.
|
| 245 |
1 |
0 |
|a Developing business acumen /
|c Jennifer Currence.
|
| 264 |
|
1 |
|a Alexandria, Virginia :
|b Society for Human Resource Management,
|c 2016.
|
| 264 |
|
4 |
|c 2016
|
| 300 |
|
|
|a 1 online resource (98 pages)
|
| 336 |
|
|
|a text
|2 rdacontent
|
| 337 |
|
|
|a computer
|2 rdamedia
|
| 338 |
|
|
|a online resource
|2 rdacarrier
|
| 500 |
|
|
|a Includes index.
|
| 588 |
|
|
|a Description based on online resource; title from PDF title page (EBC, viewed November 28, 2017).
|
| 590 |
|
|
|a Electronic reproduction. Ann Arbor, MI : ProQuest, 2016. Available via World Wide Web. Access may be limited to ProQuest affiliated libraries.
|
| 650 |
|
0 |
|a Personnel management.
|
| 650 |
|
0 |
|a Strategic planning.
|
| 650 |
|
0 |
|a Accounting.
|
| 655 |
|
4 |
|a Electronic books.
|
| 776 |
0 |
8 |
|i Print version:
|a Currence, Jennifer.
|t Developing business acumen.
|d Alexandria, Virginia : Society for Human Resource Management, c2016
|h vii, 89 pages
|z 9781586444143
|
| 797 |
2 |
|
|a ProQuest (Firm)
|
| 856 |
4 |
0 |
|u https://ebookcentral.proquest.com/lib/matrademy/detail.action?docID=5115397
|z Click to View
|